Návrh na zvýšenie výkonu jadrových elektrární typu VVER 440 prehrevom pary. /

Saved in:
Bibliographic Details
Main Author: Karpfen, O (Author)
Format: Manuscript Book
Published: Bratislava : SVŠT v Bratislave SjF, 1980
Tags: Add Tag
No Tags, Be the first to tag this record!

MARC

LEADER 00000ntm a22000003a 4500
001 stu47765
005 20150617225712.1
008 ------s1980----cs----------------------d
040 |a STU  |b slo 
041 0
044 |a cs 
080 |a 621.165  |7 A000003661 
080 |a 621.311.2  |7 stu_us_auth*stu6977 
080 |a 621.03  |7 stu_us_auth*stu3141 
100 1 |a Karpfen, O  |4 aut 
245 1 |a Návrh na zvýšenie výkonu jadrových elektrární typu VVER 440 prehrevom pary. /  |c [aut.] Karpfen,O 
260 |a Bratislava :  |b SVŠT v Bratislave SjF,  |c 1980 
300 |a 172 s 
996 |b J66158  |c J*66158/DIZ.  |l JJSK  |s A  |a 24  |w stu47765_0001